000 01884cam a2200469 i 4500
001 data
005 20260322212111.0
008 data
035 _a22255978
906 _a7
_bcbc
_ccopycat
_d2
_encip
_f20
_gy-gencatlg
925 0 _aacquire
_b2 shelf copies
_xpolicy default (ex.)
955 _trm06 2023-03-08 copy 2 to CMD
010 _a 2021947980
015 _aGBC1H3533
_2bnb
016 7 _a020363272
_2Uk
020 _a1800886403
_q(hardcover)
020 _a9781800886407
_q(hardcover)
035 _a(OCoLC)1259048082
040 _aYDX
_beng
_erda
_cYDX
_dDLC
_dUKMGB
_dOCLCF
_dCDX
_dOCLCO
_dGSU
_dDLC
042 _alccopycat
050 0 0 _aHJ9105
_b.T66 2021
082 0 4 _a336/.014
_223
245 0 0 _aTools for state and local fiscal management :
_bfrom policy design to practice /
_cedited by Alex Hathaway, Jorge Martinez-Vazquez, Chris Thayer.
264 1 _aNorthampton, MA, USA :
_aNorthampton, MA, USA :
_bEdward Elgar Publishing,
_c[2021]
264 4 _c©2021
300 _axvii, 362 pages :
_billustrations, maps ;
_c25 cm.
336 _atext
_btxt
_2rdacontent
336 _astill image
_bsti
_2rdacontent
336 _acartographic image
_bcri
_2rdacontent
337 _aunmediated
_bn
_2rdamedia
338 _avolume
_bnc
_2rdacarrier
490 1 _aStudies in fiscal federalism and state-local finance
504 _aIncludes bibliographical references and index.
650 0 _aLocal finance.
650 0 _aFinance, Public.
650 7 _aFinance, Public.
_2fast
_0(OCoLC)fst00924477
650 7 _aLocal finance.
_2fast
_0(OCoLC)fst01001253
700 1 _aHathaway, Alex
_c(Research Associate),
_eeditor.
700 1 _aMartinez-Vazquez, Jorge,
_eeditor.
700 1 _aThayer, Chris,
_eeditor.
830 0 _aStudies in fiscal federalism and state-local finance.
999 _c1667
_d1667